The Interpretation of Cultural Forms from the Perspective of a Particular Culture (Empirical Analysis) bakalárska práca

Salvato in:
Dettagli Bibliografici
Autore principale: Rovderová, Veronika
Ente Autore: Fakulta aplikovaných jazykov EU v Bratislave. Katedra interkultúrnej komunikácie
Altri autori: Rusiňáková, Jarmila, 1959-
Natura: Libro
Lingua:inglese
Pubblicazione: Bratislava 2024
Tags: Aggiungi Tag
Nessun Tag, puoi essere il primo ad aggiungerne!!

MARC

LEADER 00000nbm a2200000 4500
001 0300582
005 20250327122618.8
041 0 |a eng 
044 |a SK 
245 1 0 |a The Interpretation of Cultural Forms from the Perspective of a Particular Culture (Empirical Analysis)  |b bakalárska práca  |c Veronika Rovderová ; školiteľ: Jarmila Rusiňáková 
264 1 |a Bratislava  |c 2024 
300 |a 48 s. 
100 1 |a Rovderová, Veronika 
700 1 |a Rusiňáková, Jarmila, 1959- 
710 2 |a Fakulta aplikovaných jazykov EU v Bratislave. Katedra interkultúrnej komunikácie